000 01185nmm a2200313 a 4500
001 ocm0001917322
003 TR-IsHL
005 20201028174226.0
008 180918s2015 tu TR
007 cr cn
020 _a9786059121521
035 _a1917322
_b(N$T)
050 0 4 _aDR592.K4
_bÖ58 2015
090 0 4 _aDR592.K4
_bÖ58 2015
245 1 0 _aÖlümsüz Paşa'dan anılar: Atatürk ile ilgili bilinmeyen hatıralar
_h[electronic resource] /
_csunuş ve dipnotlarıyla yayına hazırlayan Tarık Saygı
250 _a1. Basım
260 _aİstanbul :
_bParaf Yayınları,
_c2015
300 _a257 p.
500 _aKaynakça var.
_x
650 4 _aTarih
650 4 _aHistory
650 0 _aAtatürk, Mustafa Kemal,1881-1938
_xSiyasal ve sosyal görüşleri
650 0 _aAtatürk, Mustafa Kemal,1881-1938
_xPolitical and social views
650 0 _aTürkiye
_xTarih
_xKurtuluş Savaşı, 1918-1923
650 0 _aTurkey
_xHistory
_xRevolution, 1918-1923
650 7 _aHISTORY / Middle East / Turkey & Ottoman Empire
_2bisacsh
700 1 _aSaygıi Tarık
856 4 0 _uhttp://search.ebscohost.com/login.aspx?direct=true&scope=site&db=e011xww&AN=1917322
999 _c18038
_d18038